| 000 | 00752nam a2200253Ia 4500 | ||
|---|---|---|---|
| 003 | OSt | ||
| 005 | 20220926000851.0 | ||
| 006 | a|||||r|||| 00| 0 | ||
| 007 | ta | ||
| 008 | 220923b |||||||| |||| 00| 0 eng d | ||
| 037 | _cGeneral Book | ||
| 040 |
_aRTL _cRTL _beng |
||
| 041 |
_2eng _aeng |
||
| 082 | _aV2:19.4446.N7, L4 | ||
| 100 |
_aGrover B S K _9303121 |
||
| 245 | 0 |
_aSikkim and India _bStorm and consolidation |
|
| 260 |
_a New Delhi _bJain Brothers India _c1974 |
||
| 300 |
_axvi,248p. _ccm. |
||
| 490 | _aFocus on Neighbours | ||
| 500 | _aBibliography:P.235-48; Appendix:P.209-34 | ||
| 650 | _aForeign Policy - India | ||
| 942 |
_hV2:19.4446.N7, L4 _cGB _2CC |
||
| 999 |
_c599928 _d599928 |
||